[Event "POL-chT U20 2nd League"]
[Site "Sypniewo"]
[Date "2025.06.23"]
[Round "6.13"]
[White "Nowak, Maciej2"]
[Black "Rabenda, Piotr"]
[Result "1-0"]
[WhiteElo "1844"]
[BlackElo "1770"]
[PlyCount "95"]
[EventDate "2025.06.18"]
[EventType "team-swiss"]
[EventRounds "9"]
[EventCountry "POL"]
[SourceTitle "CB27_2025"]
[SourceDate "2025.07.02"]
[SourceVersion "1"]
[SourceVersionDate "2025.07.02"]
[SourceQuality "1"]
[WhiteTeam "Bielany Bakcyl"]
[BlackTeam "Krakow Dwie Wieze"]
[WhiteTeamCountry "POL"]
[BlackTeamCountry "POL"]

1. e4 c5 2. c3 d5 3. exd5 Qxd5 4. d4 Nf6 5. Nf3 Bg4 6. Be2 e6 7. Be3 cxd4 8. cxd4 Bb4+ 9. Nc3 0-0 10. 0-0 Bxc3 11. bxc3 Nc6 12. Qb3 b6 13. c4 Qd7 14. Rfd1 Rfd8 15. Ne5 Nxe5 16. dxe5 Qc7 17. f3 Ne4 18. fxg4 Qxe5 19. Rxd8+ Rxd8 20. Rd1 Rc8 21. Qd3 h6 22. Qd4 Qxd4 23. Bxd4 Rd8 24. Bb2 Rc8 25. g3 f6 26. Bd3 Nc5 27. Bc2 Kf7 28. Kf2 Rc7 29. Ke3 Nb7 30. Bb3 Na5 31. Kd3 Rd7+ 32. Kc3 Rc7 33. Kb4 Ke7 34. h3 Nb7 35. Ba3 Nc5 36. Kb5 Ke8 37. Bxc5 Rxc5+ 38. Ka6 Rc7 39. a4 e5 40. h4 Re7 41. Re1 Kf8 42. Bc2 Ke8 43. Be4 Rc7 44. Rc1 Rc5 45. Kxa7 Ke7 46. Kxb6 Rc8 47. a5 Rb8+ 48. Bb7 1-0